Szczegóły MARC21

Biura podróży na rynku turystycznym /

003 -Nazwa inst., której nr kontr. jest w polu 001 [,]
    • @
    • Nazwa instytucji, której n kontrolny jest w polu 001
    • NUKAT
005 -DATA I CZAS OSTATNIEJ MODYFIKACJI [,]
    • @
    • pole kontrolne
    • 20241231100057.0
020 -Międzynarod. znormalizowany nr książki - ISBN [ , ]
    • a
    • Numer ISBN
    • 9788301156695 Find
040 -Instytucja sporządzająca opis [ , ]
    • a
    • Instytucja, która sporządziła opis (NP)
    • WR 99/TS
    • c
    • Instytucja, która sporządziła rekord (NP)
    • WR 99/TS
    • d
    • Instytucja, która zmodyfikowała rekord (P)
    • BYDG 24/MM
942 -Rodzaj dokumentu [ , ]
    • c
    • Rodzaj dokumentu
    • Książka
100 -Hasło główne - nazwa osobowa [1, ]
    • a
    • Nazwa osobowa (NP)
    • Konieczna-Domańska, Anna.
    • 9
    • KHW
    • 50629
245 -Strefa tytułu i oznaczenia odpowiedzialności [1,0]
    • a
    • Tytuł
    • Biura podróży na rynku turystycznym / Find
    • c
    • Pozostałe elementy strefy tytułu i oznaczenia odpowiedzialności (NP)
    • Anna Konieczna-Domańska.
250 -Strefa wydania [ , ]
    • a
    • Oznaczenie wydania (NP)
    • Wyd. 2 uzup.
260 -Strefa adresu wydawniczego [ , ]
    • a
    • Miejsce wydania (P)
    • Warszawa :
    • b
    • Nazwa wydawcy (P)
    • Wydawnictwo Naukowe PWN,
    • c
    • Data wydania (P)
    • 2008.
300 -Strefa opisu fizycznego [ , ]
    • a
    • Określenie formy książki i/lub objętość (NP)
    • 161, [1] s. :
    • b
    • Oznaczenie ilustracji (NP)
    • il. ;
    • c
    • Format (NP)
    • 24 cm.
336 -Typ zawartości [ , ]
    • a
    • Termin opisujący typ zawartości
    • Tekst
    • b
    • Kod określający zawartość
    • txt
    • 2
    • Źródło (terminu i kodu)
    • rdacontent
337 -Typ mediów [ , ]
    • a
    • Tryb odtwarzania
    • Bez urządzenia pośredniczącego
    • b
    • Kod typu mediów
    • n
    • 2
    • Źródło (terminu i kodu)
    • rdamedia
338 -Typ/rodzaj nośnika [ , ]
    • a
    • Hasło opisujące typ nośnika
    • Wolumin
    • b
    • Kod typu nośnika
    • nc
    • 2
    • Źródło (terminu i kodu)
    • rdacarrier
490 -Strefa serii i książki wielotomowej - forma nie do wyszukiwania [1, ]
    • a
    • Tytuł (P)
    • Turystyka Find
830 -Hasło dodatkowe serii i opisu książki wielotomowej - tytuł ujednolicony/tytuł [ ,0]
    • a
    • Tytuł ujednolicony/tytuł (NP)
    • Turystyka - Wydawnictwo Naukowe PWN
    • 9
    • KHW
    • 15174
504 -Uwaga dot. bibliogr. załącznikowej [ , ]
    • a
    • Uwaga dot. bibliografii załącznikowej
    • Bibliogr. s. 157-161.
080 -Uniwersalna Klasyfikacja Dziesiętna [ , ]
    • 2
    • Identyfikator wydania tablic
    • UDC-P058
    • a
    • Symbol klasyfikacji
    • 338.486.2
    • b
    • Dopowiedzenie
    • Przedsiębiorstwa turystyczne. Biura podróży.
650 -Hasło przedmiotowe [ ,7]
    • a
    • Hasło przedmiotowe
    • Biura podróży.
    • 2
    • Źródło terminu
    • kaba
    • 9
    • KHW
    • 153588
650 -Hasło przedmiotowe [ ,7]
    • a
    • Hasło przedmiotowe
    • Biura podróży
    • z
    • Określnik geograficzny
    • Polska
    • y
    • Określnik chronologiczny
    • 1990-.
    • 2
    • Źródło terminu
    • kaba
    • 9
    • KHW
    • 377761
650 -Hasło przedmiotowe [ ,7]
    • a
    • Hasło przedmiotowe
    • Marketing turystyczny.
    • 2
    • Źródło terminu
    • kaba
    • 9
    • KHW
    • 118395
980 -Symbol UKD [ , ]
    • a
    • UKD
    • 338.486.2
710 -Hasło dodatkowe - nazwa ciała zbiorowego [2, ]
    • a
    • Nazwa ciała zbiorowego lub nazwa geograficzna jako pierwszy element (NP)
    • Wydawnictwo Naukowe PWN.
    • 4
    • Kod relacji
    • pbl
    • 9
    • KHW
    • 52648
920 -ISBN [ , ]
    • a
    • ISBN
    • 978-83-01-15669-5 Find
Lokalizacja Data inwentaryzacji Sygnatura Numer inwentarzowy Status udost.
BE2008-12-16TM.6110TM.6110-3
BE2008-12-16TM.6111TM.6111-3
BE2008-12-16TM.6112TM.6112-3
BE2009-01-16TM.6255TM.6255-3
BE2009-01-16TM.6256TM.6256-3
BE2010-10-07TM.7359TM.7359-3
BE2010-12-29TM.7724TM.7724-3
BE2021-05-10TM.15275TM.15275-3
BG2008-12-16 WM.9274-2
BG2008-12-16 WM.9275-2
T2008-12-16T.10311T.10311-2
T2021-09-27TM.15691TM.15691-3
T2008-12-16TM.6113TM.6113-3
T2009-01-16TM.6253TM.6253-6
T2009-01-16TM.6254TM.6254-3
T2009-01-16TM.6257TM.6257-3
T2009-11-05TM.6922TM.6922-3